|
|
|
|
| LEADER |
00000nab a2200000 a 4500 |
| 001 |
vtls000766053 |
| 003 |
SK-MaSNL |
| 005 |
20260303204109.0 |
| 008 |
180911c2001 xo 0 slo |
| 015 |
|
|
|a SNBRB2001/08-24472
|
| 035 |
|
|
|a CLN000117840
|
| 040 |
|
|
|a SNKBUCL
|b slo
|c SNKBUCL
|e AACR2
|
| 041 |
0 |
|
|a slo
|
| 044 |
|
|
|a xo
|c SK
|
| 080 |
|
|
|a 614.8(437.6)
|2 1997
|
| 100 |
1 |
|
|a Živčák, Miro
|4 aut
|9 1236929
|
| 245 |
1 |
0 |
|a Úrazy a záchranné akcie vo Vysokých Tatrách
|c Miro Živčák
|
| 648 |
|
7 |
|a marec-apríl 2001
|2 SNK
|9 1237430
|
| 650 |
0 |
7 |
|a úrazy
|2 SNKPH
|9 123733
|
| 650 |
0 |
7 |
|a záchranné práce
|2 SNKPH
|9 29494
|
| 651 |
|
7 |
|a Vysoké Tatry (Poľsko a Slovensko : pohorie)
|2 SNKPHgeo
|9 67729
|
| 655 |
|
7 |
|a články z novín a časopisov
|2 snkbucl
|9 267496
|
| 773 |
0 |
|
|x 1335-6828
|t Tatry
|g Roč. 40, č. 4 (2001), s. 27
|
| 850 |
|
|
|a Slovenská národná knižnica v Martine
|
| 852 |
|
|
|a SNK
|b KIS3GCP
|
| 958 |
|
|
|a SK
|
| 958 |
|
|
|a MI
|
| 958 |
|
|
|a RBX
|
| 999 |
|
|
|c 2188461
|d 2190391
|